Capitals of Mainland Countries of the Americas from North to South - Statistics

General Stats
  • This quiz has been taken 79 times
  • The average score is 18 of 22
Answer Stats
latitude capital % Correct
45.42 N Ottawa
100%
38.88 N Washington
98%
19.43 N Mexico City
97%
14.60 N Guatemala City
88%
12.03 S Lima
84%
0.25 S Quito
84%
33.45 S Santiago
84%
4.58 N Bogota
83%
15.78 S Brasilia
83%
34.60 S Buenos Aires
83%
34.88 S Montevideo
83%
8.98 N Panama City
83%
16.5 S La Paz / Sucre
80%
9.93 N San Jose
78%
13.68 N San Salvador
78%
25.27 S Asuncion
77%
10.5 N Caracas
77%
12.13 N Managua
77%
17.25 N Belmopan
75%
6.80 N Georgetown
75%
14.10 N Tegucigalpa
75%
5.87 N Paramaribo
73%
No matching quizzes found
Score Distribution
Percent of People with Each Score
Percentile by Number Answered
Your Score History
You have not taken this quiz